000 00795cab a2200241 4500
001 ABS58060
008 090401t1997 xxu||||| |||| 00| 0 eng d
035 _a(Sirsi) u82659
041 _aeng
100 _aKirkwood, J.
245 _aBeginners` guide to IT: Structural delights
260 _c1997
350 _a0
490 _aEstates Gazette
_v(9749) 6 December 1997, 60-61(2)
520 _aExplains the principles behind data structures and relational databases, including their application in property management systems.
650 _aDATA MANAGEMENT
650 _aDATABASES
650 _aPROPERTY MANAGEMENT SYSTEMS
650 _aRELATIONAL DATABASE MANAGEMENT SYSTEMS
690 _aMANAGEMENT-BUSINESS MANAGEMENT-INFORMATION MANAGEMENT
942 _n0
948 _c15/12/1997
999 _c52204
_d52204